[Event "RUS-chT 31th"]
[Site "Sochi"]
[Date "2024.05.04"]
[Round "4.22"]
[White "Strybuk, Artsiom I"]
[Black "Kukhmazov, Arsen"]
[Result "0-1"]
[WhiteElo "2410"]
[BlackElo "2502"]
[PlyCount "84"]
[EventDate "2024.05.01"]
[EventType "team-tourn"]
[EventRounds "9"]
[EventCountry "RUS"]
[SourceTitle "CB20_2024"]
[SourceDate "2024.05.16"]
[SourceVersion "1"]
[SourceVersionDate "2024.05.16"]
[SourceQuality "1"]
[WhiteTeam "Belarus"]
[BlackTeam "Moscow Russian ChSchool"]
[WhiteTeamCountry "BLR"]
[BlackTeamCountry "RUS"]

1. c4 e6 2. g3 d5 3. Bg2 Nf6 4. Nf3 d4 5. 0-0 c5 6. e3 Nc6 7. exd4 cxd4 8. d3 Bd6 9. Bg5 h6 10. Bxf6 Qxf6 11. Nbd2 Qe7 12. a3 a5 13. Re1 0-0 14. Nh4 Qd8 15. Qh5 a4 16. Rac1 Ra5 17. Qg4 Be7 18. Nhf3 e5 19. Qe4 f5 20. Qe2 Bf6 21. Qd1 Be6 22. Rb1 Qd6 23. Qc1 Rfa8 24. h4 Kh8 25. Bh3 Qe7 26. Kg2 g5 27. hxg5 hxg5 28. b4 axb3 29. Nxb3 R5a6 30. Rh1 Kg7 31. Nc5 Qxc5 32. Nxg5 Bc8 33. Ne4 Qe7 34. Bg4 fxg4 35. Qh6+ Kf7 36. Qh5+ Kf8 37. Qg6 Nd8 38. Rh7 Bg7 39. Qh5 Qf7 40. Qh4 Bf5 41. Ng5 Qf6 42. Rh1 Nf7 0-1

[Event "RUS-chT 31th"]
[Site "Sochi"]
[Date "2024.05.02"]
[Round "2.16"]
[White "Strybuk, Artsiom I"]
[Black "Shapiro, David"]
[Result "1-0"]
[WhiteElo "2410"]
[BlackElo "2393"]
[PlyCount "49"]
[EventDate "2024.05.01"]
[EventType "team-tourn"]
[EventRounds "9"]
[EventCountry "RUS"]
[SourceTitle "CB20_2024"]
[SourceDate "2024.05.16"]
[SourceVersion "1"]
[SourceVersionDate "2024.05.16"]
[SourceQuality "1"]
[WhiteTeam "Belarus"]
[BlackTeam "Moscow Temus"]
[WhiteTeamCountry "BLR"]
[BlackTeamCountry "RUS"]

1. c4 e6 2. g3 d5 3. Bg2 Nf6 4. Nf3 Be7 5. 0-0 0-0 6. b3 a5 7. Nc3 c6 8. Bb2 b6 9. d3 Bb7 10. e3 Nbd7 11. Qe2 Re8 12. Rfd1 Bf8 13. d4 Qb8 14. e4 dxe4 15. Nxe4 c5 16. Nxf6+ Nxf6 17. dxc5 bxc5 18. Bxf6 gxf6 19. Rd7 Ra7 20. Rad1 a4 21. Ng5 Be7 22. Qh5 fxg5 23. Rxe7 Rxe7 24. Qxg5+ Kf8 25. Qf6 1-0

[Event "RUS-chT 31th"]
[Site "Sochi"]
[Date "2024.05.01"]
[Round "1.22"]
[White "Ledakov, Alexandr"]
[Black "Strybuk, Artsiom I"]
[Result "0-1"]
[WhiteElo "2288"]
[BlackElo "2410"]
[PlyCount "90"]
[EventDate "2024.05.01"]
[EventType "team-tourn"]
[EventRounds "9"]
[EventCountry "RUS"]
[SourceTitle "CB20_2024"]
[SourceDate "2024.05.16"]
[SourceVersion "1"]
[SourceVersionDate "2024.05.16"]
[SourceQuality "1"]
[WhiteTeam "Kimmeriya"]
[BlackTeam "Belarus"]
[WhiteTeamCountry "RUS"]
[BlackTeamCountry "BLR"]

1. d4 Nf6 2. Nf3 d5 3. Bg5 Ne4 4. Bf4 c5 5. c3 cxd4 6. Nxd4 f6 7. Bxb8 Rxb8 8. e3 e5 9. Bb5+ Kf7 10. Nb3 Be6 11. N1d2 Nd6 12. Bd3 Qc7 13. 0-0 Nc4 14. Qc2 Be7 15. e4 dxe4 16. Bxe4 b5 17. Rad1 g6 18. Bf3 Rhd8 19. Be2 Bf5 20. Qc1 a5 21. Nxc4 bxc4 22. Nd2 Bd3 23. Rfe1 f5 24. Bxd3 cxd3 25. b3 Bg5 26. Qb2 e4 27. c4 Qc5 28. Qc3 Bf6 29. Qc1 Bd4 30. Rf1 Bxf2+ 31. Rxf2 e3 32. Nf3 exf2+ 33. Kf1 Kg8 34. Rd2 Qe3 35. Qd1 a4 36. Rxf2 axb3 37. axb3 Qb6 38. Rb2 Ra8 39. g3 Qf6 40. Qd2 Ra1+ 41. Kg2 Re8 42. Qf2 g5 43. Qd4 Qxd4 44. Nxd4 Re4 45. Nf3 g4 0-1

[Event "BLR-ch U20"]
[Site "Minsk"]
[Date "2024.04.15"]
[Round "4"]
[White "Sidorenja, Radion"]
[Black "Strybuk, Artsiom I"]
[Result "0-1"]
[WhiteElo "1896"]
[BlackElo "2416"]
[PlyCount "114"]
[EventDate "2024.04.12"]
[EventType "tourn"]
[EventRounds "7"]
[EventCountry "BLR"]
[SourceTitle "CB19_2024"]
[SourceDate "2024.05.08"]
[SourceVersion "1"]
[SourceVersionDate "2024.05.08"]
[SourceQuality "1"]

1. d4 Nf6 2. Bf4 g6 3. e3 Bg7 4. Be2 d6 5. Nf3 0-0 6. 0-0 c5 7. c3 Qb6 8. Qb3 Be6 9. Qxb6 axb6 10. Nbd2 Nh5 11. Bg5 Re8 12. e4 d5 13. Bb5 Nc6 14. exd5 Bxd5 15. dxc5 bxc5 16. Be3 b6 17. Nc4 Reb8 18. Rfd1 Na7 19. Rxd5 Nxb5 20. Nfe5 Bxe5 21. Nxe5 Nf6 22. Rdd1 Rb7 23. a3 Kf8 24. Bh6+ Ke8 25. Nc4 Ne4 26. Bf4 Nexc3 27. bxc3 Ra4 28. Nxb6 Rxb6 29. Rdb1 Kd7 30. Rb3 Kc6 31. Bd2 Rxa3 32. Rbb1 Rxa1 33. Rxa1 Na3 34. Re1 Rb1 35. Kf1 Rxe1+ 36. Bxe1 Kd5 37. Ke2 Kc4 38. Kd1 Kd3 39. Kc1 c4 40. f3 e5 41. Kb2 Nb5 42. g4 f5 43. gxf5 gxf5 44. h3 h5 45. Bh4 Na7 46. Bf6 Nc6 47. Bg5 f4 48. Bh6 Ke3 49. Kc2 Kxf3 50. Kd2 e4 51. Bg7 e3+ 52. Ke1 Na5 53. Bf6 Nb3 54. Bh4 Nc5 55. Kd1 Nd3 56. Kc2 Ke2 57. Bg5 f3 0-1

[Event "BLR-ch U20"]
[Site "Minsk"]
[Date "2024.04.13"]
[Round "2"]
[White "Gvozdev, Timur"]
[Black "Strybuk, Artsiom I"]
[Result "1/2-1/2"]
[WhiteElo "1940"]
[BlackElo "2416"]
[PlyCount "172"]
[EventDate "2024.04.12"]
[EventType "tourn"]
[EventRounds "7"]
[EventCountry "BLR"]
[SourceTitle "CB19_2024"]
[SourceDate "2024.05.08"]
[SourceVersion "1"]
[SourceVersionDate "2024.05.08"]
[SourceQuality "1"]

1. e4 c5 2. Nf3 d6 3. d4 cxd4 4. Nxd4 Nf6 5. Nc3 Nc6 6. Bg5 e6 7. Qd2 a6 8. 0-0-0 Be7 9. f4 Bd7 10. Nf3 b5 11. Bxf6 gxf6 12. f5 Qb6 13. Bd3 0-0-0 14. Ne2 Kb8 15. Kb1 Ne5 16. Rhf1 Bc8 17. Nf4 Nxf3 18. Rxf3 d5 19. Qe2 Bb7 20. Rff1 Rhe8 21. fxe6 fxe6 22. Nh5 Rf8 23. exd5 Rxd5 24. Nf4 Re5 25. Qg4 Rc8 26. Qg7 Rc7 27. Qxh7 Re3 28. Ng6 Bc5 29. Qg8+ Rc8 30. Qf7 f5 31. g3 Qa5 32. Qf6 Bd5 33. b3 Bb4 34. Qg5 Qb6 35. Ne7 Bxe7 36. Qxe7 Rc7 37. Qd8+ Kb7 38. Bxf5 Qc5 39. Bg6 Re2 40. Qf6 Rxh2 41. Bd3 a5 42. Rc1 a4 43. g4 a3 44. g5 Rh4 45. Qf8 Qxf8 46. Rxf8 Be4 47. g6 Bxd3 48. cxd3 Rxc1+ 49. Kxc1 Rg4 50. Rf7+ Kc6 51. g7 Rg2 52. Kd1 Kc5 53. Rd7 Kc6 54. Rf7 Kd5 55. Ke1 Kd4 56. Kf1 Rg6 57. Ke2 Kc3 58. Ke3 b4 59. Ke4 Kb2 60. Rf2+ Kb1 61. Kd4 Rxg7 62. Kc5 Rg4 63. d4 Re4 64. Kxb4 Rxd4+ 65. Kxa3 e5 66. b4 e4 67. b5 Kc1 68. b6 Kd1 69. b7 Rd8 70. Rf7 e3 71. Rd7+ Rxd7 72. b8Q Rd3+ 73. Ka4 e2 74. Qb1+ Kd2 75. Qb2+ Ke3 76. Qe5+ Kf2 77. Qh2+ Ke1 78. Qg1+ Kd2 79. Qg5+ Kc2 80. Qg2 Kd2 81. Kb4 Re3 82. a4 Kc1 83. Qc6+ Kb1 84. Qg6+ Kc1 85. Qc6+ Kb1 86. Qg6+ Kc1 1/2-1/2

[Event "San Vicente op 8th"]
[Site "San Vicente"]
[Date "2024.03.30"]
[Round "6"]
[White "Strybuk, Artsiom I"]
[Black "Xiao, Tong"]
[Result "1/2-1/2"]
[WhiteElo "2418"]
[BlackElo "2484"]
[PlyCount "62"]
[EventDate "2024.03.27"]
[EventType "swiss"]
[EventRounds "9"]
[EventCountry "ESP"]
[SourceTitle "CB14_2024"]
[SourceDate "2024.04.01"]
[SourceVersion "1"]
[SourceVersionDate "2024.04.01"]
[SourceQuality "1"]

1. c4 c5 2. Nf3 Nc6 3. g3 g6 4. Bg2 Bg7 5. Nc3 d6 6. 0-0 Bf5 7. h3 Nf6 8. d3 0-0 9. a3 Qc8 10. Kh2 h6 11. Rb1 Nd4 12. Nxd4 cxd4 13. e4 Bd7 14. Ne2 Ne8 15. b4 Nc7 16. f4 b5 17. Bb2 e5 18. cxb5 Nxb5 19. a4 Nc3 20. Bxc3 dxc3 21. Rc1 exf4 22. gxf4 Rb8 23. b5 a6 24. Nxc3 Bxc3 25. Qb3 axb5 26. axb5 Rxb5 27. Qxc3 Qxc3 28. Rxc3 Rc8 29. Rxc8+ Bxc8 30. Rc1 Rc5 31. Rxc5 dxc5 1/2-1/2

[Event "Moscow Aeroflot op-A"]
[Site "Moscow"]
[Date "2024.03.03"]
[Round "2"]
[White "Ivlev, Aleksey"]
[Black "Strybuk, Artsiom I"]
[Result "1/2-1/2"]
[WhiteElo "2315"]
[BlackElo "2418"]
[PlyCount "61"]
[EventDate "2024.03.03"]
[EventType "swiss"]
[EventRounds "9"]
[EventCountry "RUS"]
[SourceTitle "CB11_2024"]
[SourceDate "2024.03.13"]
[SourceVersion "1"]
[SourceVersionDate "2024.03.13"]
[SourceQuality "1"]

1. d4 Nf6 2. Nf3 g6 3. c4 Bg7 4. e3 0-0 5. Be2 c5 6. Nc3 cxd4 7. Nxd4 d5 8. cxd5 Nxd5 9. Nxd5 Qxd5 10. Bf3 Qc4 11. Qb3 Qxb3 12. axb3 Rd8 13. 0-0 Bxd4 14. exd4 Nc6 15. Bxc6 bxc6 16. Be3 Be6 17. Ra6 Bd5 18. Rfa1 Rd7 19. h3 Rb7 20. R1a3 f6 21. Bd2 Kf7 22. Bc3 Ke6 23. b4 Kd7 24. b5 cxb5 25. Bb4 Bc4 26. Re3 Ke8 27. Rea3 Kf7 28. Ra1 Rd8 29. Rxa7 Rdd7 30. Rxb7 Rxb7 31. Bc5 1/2-1/2

[Event "Titled Tuesday intern op 13th Feb Early"]
[Site "Chess.com INT"]
[Date "2024.02.13"]
[Round "2"]
[White "Ortiz Verdesoto, Anahi Eduarda"]
[Black "Strybuk, Artsiom I"]
[Result "0-1"]
[WhiteElo "2210"]
[BlackElo "2403"]
[PlyCount "128"]
[EventDate "2024.02.13"]
[EventType "swiss (blitz)"]
[EventRounds "11"]
[EventCountry "USA"]
[SourceTitle "CB08_2024"]
[SourceDate "2024.02.21"]
[SourceVersion "1"]
[SourceVersionDate "2024.02.21"]
[SourceQuality "1"]

1. d4 Nf6 2. c4 g6 3. Nc3 d5 4. cxd5 Nxd5 5. e4 Nxc3 6. bxc3 Bg7 7. Nf3 c5 8. Be3 Qa5 9. Bd2 0-0 10. Be2 Bg4 11. 0-0 cxd4 12. cxd4 Qa3 13. Rb1 Bxf3 14. Bxf3 Nc6 15. d5 Nd4 16. Bb4 Nxf3+ 17. gxf3 Qxa2 18. Bxe7 Rfe8 19. Rxb7 Qa6 20. Qb3 Be5 21. Rd1 Bd6 22. Bh4 Rab8 23. Rb1 Qe2 24. Rxb8 Rxb8 25. Qxb8+ Bxb8 26. Rxb8+ Kg7 27. Kg2 Qd3 28. Ra8 a6 29. Bg3 f5 30. Ra7+ Kh6 31. h4 fxe4 32. Bf4+ g5 33. Bxg5+ Kg6 34. fxe4 Qxe4+ 35. f3 Qxd5 36. Rxa6+ Kg7 37. Ra7+ Kg6 38. Ra6+ Kf7 39. Ra7+ Kg8 40. Re7 Qd6 41. Kf2 h6 42. Re4 hxg5 43. hxg5 Qh2+ 44. Ke3 Qg1+ 45. Kf4 Kf7 46. Re5 Qh2+ 47. Ke4 Qe2+ 48. Kf4 Qh2+ 49. Ke4 Qg3 50. Rf5+ Kg6 51. Rf4 Qe1+ 52. Kd3 Kxg5 53. Rg4+ Kf5 54. Re4 Qf2 55. Re3 Kf4 56. Re4+ Kxf3 57. Rd4 Qe2+ 58. Kc3 Qe1+ 59. Kc4 Qe8 60. Kd3 Qb5+ 61. Rc4 Qa6 62. Kc3 Ke3 63. Rd4 Qa3+ 64. Kc4 Qa4+ 0-1

[Event "Titled Tuesday intern op 13th Feb Early"]
[Site "Chess.com INT"]
[Date "2024.02.13"]
[Round "6"]
[White "Strybuk, Artsiom I"]
[Black "Derjabin, Ilja"]
[Result "1/2-1/2"]
[WhiteElo "2403"]
[BlackElo "2333"]
[PlyCount "116"]
[EventDate "2024.02.13"]
[EventType "swiss (blitz)"]
[EventRounds "11"]
[EventCountry "USA"]
[SourceTitle "CB08_2024"]
[SourceDate "2024.02.21"]
[SourceVersion "1"]
[SourceVersionDate "2024.02.21"]
[SourceQuality "1"]

1. c4 c5 2. Nf3 Nf6 3. Nc3 g6 4. g3 Bg7 5. Bg2 0-0 6. 0-0 Nc6 7. d4 cxd4 8. Nxd4 Nxd4 9. Qxd4 Qa5 10. Bd2 Qh5 11. Bf3 Qh3 12. Bg2 Qh5 13. Qd3 d6 14. b3 Bf5 15. e4 Bh3 16. f3 Bxg2 17. Kxg2 Rac8 18. Rac1 a6 19. Nd5 Nxd5 20. cxd5 Qe5 21. Rc2 Rxc2 22. Qxc2 Qb2 23. Qxb2 Bxb2 24. Rb1 Ba3 25. Bc1 Bc5 26. Bh6 Rc8 27. Rc1 Rc7 28. Kf1 Bb6 29. Rxc7 Bxc7 30. Ke2 e6 31. Be3 exd5 32. exd5 f5 33. g4 fxg4 34. fxg4 Kf7 35. Kf3 b5 36. Kf4 Ba5 37. h3 Bc3 38. Ke4 Bb4 39. a4 bxa4 40. bxa4 Be1 41. Bf4 Bb4 42. Kd4 Bc5+ 43. Kc4 Kf6 44. Kd3 h5 45. gxh5 gxh5 46. Ke4 Ba3 47. Be3 Bb4 48. Kf4 Ba3 49. Bd4+ Kg6 50. Be3 Bb4 51. Bb6 Bd2+ 52. Ke4 Bb4 53. Bd8 Bc5 54. Be7 Ba3 55. Kf4 Bc1+ 56. Ke4 Ba3 57. Bd8 Bb4 58. Be7 Ba3 1/2-1/2

[Event "Titled Tuesday intern op 13th Feb Early"]
[Site "Chess.com INT"]
[Date "2024.02.13"]
[Round "9"]
[White "Zou, Chen"]
[Black "Strybuk, Artsiom I"]
[Result "0-1"]
[WhiteElo "2449"]
[BlackElo "2403"]
[PlyCount "158"]
[EventDate "2024.02.13"]
[EventType "swiss (blitz)"]
[EventRounds "11"]
[EventCountry "USA"]
[SourceTitle "CB08_2024"]
[SourceDate "2024.02.21"]
[SourceVersion "1"]
[SourceVersionDate "2024.02.21"]
[SourceQuality "1"]

1. Nf3 d5 2. b3 Bf5 3. Bb2 e6 4. g3 Nf6 5. Bg2 Be7 6. 0-0 0-0 7. c4 h6 8. d3 c6 9. Nbd2 Bh7 10. a3 a5 11. Ra2 Nbd7 12. Qa1 Re8 13. Ne5 Bf8 14. Nxd7 Nxd7 15. Rc1 Qb6 16. Bd4 c5 17. Bb2 d4 18. Rb1 Ne5 19. b4 axb4 20. axb4 Rxa2 21. Qxa2 cxb4 22. Nb3 Nc6 23. Bxc6 bxc6 24. Bxd4 c5 25. Be3 e5 26. Qa4 Rb8 27. Ra1 e4 28. d4 cxd4 29. Bxd4 Qe6 30. Qa6 Bf5 31. Ra5 Qxa6 32. Rxa6 Be6 33. Nd2 b3 34. Bb2 Bb4 35. Nxe4 Bxc4 36. Ra4 Bxe2 37. Kg2 Bf8 38. f3 Bb5 39. Rd4 Bc6 40. Nc3 f6 41. Rc4 Be8 42. Re4 Bf7 43. Re2 Ra8 44. g4 h5 45. h3 hxg4 46. hxg4 Rc8 47. Kg3 Bb4 48. Re3 Bd6+ 49. Kg2 Bf4 50. Rd3 Be5 51. Re3 Bg6 52. Kh3 Bd4 53. Nd5 Bxe3 54. Ne7+ Kf7 55. Nxc8 Bc5 56. f4 Be4 57. g5 fxg5 58. fxg5 Bf5+ 59. Kg3 Bxc8 60. Kf4 g6 61. Ke5 Be6 62. Kf4 Be7 63. Ke4 Bxg5 64. Kd4 Bf6+ 65. Ke3 Bxb2 66. Ke2 Bf6 67. Kd2 g5 68. Kc1 g4 69. Kb1 Be5 70. Kc1 g3 71. Kb1 Bd5 72. Kc1 Ke6 73. Kb1 Bd4 74. Kc1 Be4 75. Kd1 b2 76. Ke1 g2 77. Kd2 b1R 78. Ke2 g1R 79. Kd2 Rg2# 0-1

[Event "Titled Tuesday intern op 16th Jan Early"]
[Site "Chess.com INT"]
[Date "2024.01.16"]
[Round "3"]
[White "Cremisi, Daniel Josef"]
[Black "Strybuk, Artsiom I"]
[Result "1/2-1/2"]
[WhiteElo "2170"]
[BlackElo "2403"]
[PlyCount "124"]
[EventDate "2024.01.16"]
[EventType "swiss (blitz)"]
[EventRounds "11"]
[EventCountry "USA"]
[SourceTitle "CB04_2024"]
[SourceDate "2023.10.16"]
[SourceVersion "1"]
[SourceVersionDate "2023.10.16"]
[SourceQuality "1"]

1. Nf3 Nf6 2. c4 g6 3. Nc3 Bg7 4. d4 d5 5. cxd5 Nxd5 6. g3 Nxc3 7. bxc3 0-0 8. Bg2 c5 9. 0-0 Nc6 10. Bb2 e5 11. dxe5 Nxe5 12. Nxe5 Bxe5 13. Qxd8 Rxd8 14. Rfd1 Bg4 15. f3 Be6 16. f4 Bg7 17. a4 a5 18. Kf2 Bb3 19. Rxd8+ Rxd8 20. Ke1 b6 21. Bc6 f5 22. Bb5 Kf7 23. h4 c4 24. Rc1 Bf8 25. Ra1 Bc5 26. Ba3 Be3 27. Kf1 Rd2 28. Kg2 Rc2 29. Rd1 Rxe2+ 30. Kf3 Rd2 31. Re1 Bc5 32. Bxc5 bxc5 33. Re5 Rd3+ 34. Re3 Rd5 35. Re5 Rxe5 36. fxe5 Ke6 37. Kf4 h6 38. Bc6 Bc2 39. Bb5 Bd3 40. Ba6 g5+ 41. hxg5 hxg5+ 42. Kxg5 Kxe5 43. Bb5 Bc2 44. Bd7 Bd3 45. Bc8 Be4 46. Bd7 Bc2 47. Bb5 Ke4 48. Bxc4 Bxa4 49. Be6 Kd3 50. Kxf5 Kxc3 51. g4 Kd4 52. Kf4 Bc2 53. Bf5 Bxf5 54. gxf5 Kd5 55. Kg5 a4 56. f6 Ke6 57. Kg6 a3 58. f7 a2 59. f8Q a1Q 60. Qxc5 Qf6+ 61. Kh7 Qf5+ 62. Qxf5+ Kxf5 1/2-1/2

[Event "Titled Tuesday intern op 16th Jan Early"]
[Site "Chess.com INT"]
[Date "2024.01.16"]
[Round "7"]
[White "Kleiman, Jake"]
[Black "Strybuk, Artsiom I"]
[Result "1-0"]
[WhiteElo "2399"]
[BlackElo "2403"]
[PlyCount "111"]
[EventDate "2024.01.16"]
[EventType "swiss (blitz)"]
[EventRounds "11"]
[EventCountry "USA"]
[SourceTitle "CB04_2024"]
[SourceDate "2023.10.16"]
[SourceVersion "1"]
[SourceVersionDate "2023.10.16"]
[SourceQuality "1"]

1. e4 c5 2. c3 Nf6 3. e5 Nd5 4. Bc4 Nb6 5. Bb3 d6 6. exd6 Qxd6 7. Nf3 Nc6 8. 0-0 Bf5 9. d4 cxd4 10. Nxd4 Nxd4 11. cxd4 e6 12. Nc3 Be7 13. Qf3 0-0 14. d5 Rac8 15. Re1 Bf6 16. Bf4 e5 17. Nb5 Qb4 18. Bxe5 Bxe5 19. Rxe5 Bg4 20. Qg3 Qxb5 21. Qxg4 Nc4 22. Rg5 g6 23. Qd4 Nd6 24. h4 Qc5 25. Qf4 Rfe8 26. h5 Re4 27. Qf6 Rh4 28. hxg6 hxg6 29. Rxg6+ fxg6 30. Qxg6+ Kh8 31. Qf6+ Kg8 32. Qxh4 Re8 33. Qg5+ Kf8 34. Rc1 Qd4 35. Rd1 Qg7 36. Qxg7+ Kxg7 37. Kf1 Kf6 38. Re1 Rxe1+ 39. Kxe1 Ke5 40. Ke2 b5 41. Ke3 a5 42. g4 Kf6 43. f4 a4 44. Bc2 Nc4+ 45. Kd4 Nxb2 46. Kc5 Nc4 47. Bd3 Ne3 48. g5+ Ke7 49. Bxb5 a3 50. d6+ Ke6 51. d7 Ke7 52. Kd4 Nf5+ 53. Ke5 Ne3 54. g6 Ng4+ 55. Kf5 Ne3+ 56. Kg5 1-0

[Event "Titled Tuesday intern op 16th Jan Early"]
[Site "Chess.com INT"]
[Date "2024.01.16"]
[Round "6"]
[White "Strybuk, Artsiom I"]
[Black "Martinez Alcantara, Jose Eduardo"]
[Result "0-1"]
[WhiteElo "2403"]
[BlackElo "2610"]
[PlyCount "96"]
[EventDate "2024.01.16"]
[EventType "swiss (blitz)"]
[EventRounds "11"]
[EventCountry "USA"]
[SourceTitle "CB04_2024"]
[SourceDate "2023.10.16"]
[SourceVersion "1"]
[SourceVersionDate "2023.10.16"]
[SourceQuality "1"]

1. a3 d5 2. Nf3 Bf5 3. g3 Nf6 4. Bg2 e6 5. 0-0 Be7 6. d3 0-0 7. Nc3 h6 8. e4 Bh7 9. Nd2 c6 10. e5 Nfd7 11. f4 c5 12. Nf3 Nc6 13. Ne2 Qc7 14. g4 f6 15. f5 fxe5 16. fxe6 Nb6 17. Ng3 Qd6 18. g5 hxg5 19. Nxg5 Bxg5 20. Bxg5 Rxf1+ 21. Qxf1 Qxe6 22. Re1 Rf8 23. Qe2 e4 24. dxe4 Nd4 25. Qh5 Nc4 26. c3 Nc6 27. Rf1 Rxf1+ 28. Bxf1 Bxe4 29. Bh3 Qg6 30. Qg4 N4e5 31. Qc8+ Kh7 32. Nxe4 dxe4 33. Bf5 Nf3+ 34. Kh1 Nxg5 35. Bxg6+ Kxg6 36. Qe8+ Kf5 37. h4 Ne6 38. Qh5+ Kf6 39. Kg1 Ne5 40. Qh7 g6 41. h5 Nf4 42. hxg6 Nexg6 43. Qxb7 e3 44. Kf1 e2+ 45. Ke1 Ne5 46. Qa6+ Kf5 47. Qc8+ Ke4 48. Qb7+ Ke3 0-1

[Event "Sant Boi de Llobregat op 4th"]
[Site "Sant Boi de Llobregat"]
[Date "2023.12.07"]
[Round "8"]
[White "Nasuta, Grzegorz"]
[Black "Strybuk, Artsiom I"]
[Result "1-0"]
[WhiteElo "2579"]
[BlackElo "2396"]
[PlyCount "113"]
[EventDate "2023.11.30"]
[EventType "swiss"]
[EventRounds "9"]
[EventCountry "ESP"]
[SourceTitle "CB50_2023"]
[SourceDate "2023.12.13"]
[SourceVersion "1"]
[SourceVersionDate "2023.12.13"]
[SourceQuality "1"]

1. e4 c5 2. Nf3 d6 3. d4 cxd4 4. Nxd4 Nf6 5. Nc3 Nc6 6. f3 e5 7. Nb3 Be7 8. Be3 0-0 9. Qd2 a5 10. Bb5 Be6 11. 0-0-0 Nb4 12. a3 Qc7 13. Qf2 a4 14. Nd2 d5 15. Bb6 Qc8 16. axb4 a3 17. exd5 Nxd5 18. Nxd5 axb2+ 19. Kxb2 Ra2+ 20. Kxa2 Qxc2+ 21. Ka1 Ra8+ 22. Ba7 b6 23. Qxb6 Bxd5 24. Nc4 Bxb4 25. Nb2 Bc3 26. Ba6 Qa4+ 27. Kb1 Qa2+ 28. Kc2 Bxb2 29. Qxb2 Qxa6 30. Ra1 Qg6+ 31. Kd1 e4 32. Ra5 Rd8 33. Qb6 Qg5 34. f4 Bb3+ 35. Kc1 Qxf4+ 36. Qe3 Qc7+ 37. Qc5 Qd7 38. Qc3 h6 39. Bb6 Rc8 40. Rc5 Ra8 41. Ra5 Rc8 42. Bc5 Qb7 43. Kb2 Rb8 44. Bd6 Be6+ 45. Ka1 Rc8 46. Bc5 Qd5 47. Re1 Rb8 48. Bf8 Rxf8 49. Rxd5 Bxd5 50. Qe5 Ra8+ 51. Kb2 Be6 52. Ra1 Rd8 53. Qxe4 Bd5 54. Qe2 Rc8 55. Ra5 Be6 56. Qe4 Rb8+ 57. Kc1 1-0

[Event "Minsk op"]
[Site "Minsk"]
[Date "2023.11.08"]
[Round "6"]
[White "Strybuk, Artsiom I"]
[Black "Obukhava, Anastasiya"]
[Result "1-0"]
[WhiteElo "2420"]
[BlackElo "1646"]
[PlyCount "85"]
[EventDate "2023.11.03"]
[EventType "swiss"]
[EventRounds "9"]
[EventCountry "BLR"]
[SourceTitle "CB46_2023"]
[SourceDate "2023.11.15"]
[SourceVersion "1"]
[SourceVersionDate "2023.11.15"]
[SourceQuality "1"]

1. c4 c5 2. Nc3 Nc6 3. g3 g6 4. Bg2 Bg7 5. Nf3 e6 6. h4 h6 7. d4 cxd4 8. Nb5 d6 9. Nfxd4 Nxd4 10. Nxd4 a6 11. 0-0 Nf6 12. Qa4+ Qd7 13. Qb4 0-0 14. Rd1 Rd8 15. Nb3 Qe7 16. Be3 Bf8 17. Rd2 Nd7 18. Rad1 Ne5 19. Na5 f5 20. Qb6 Rd7 21. Bf4 Nf7 22. e4 e5 23. Be3 f4 24. gxf4 Qxh4 25. f5 Ng5 26. Bxg5 Qxg5 27. Rd3 Rg7 28. Rg3 Qf6 29. c5 gxf5 30. Rxg7+ Qxg7 31. exf5 dxc5 32. Rd8 Qg5 33. Qg6+ Qxg6 34. fxg6 Kg7 35. Nc4 Be6 36. Rxa8 Bxc4 37. Be4 Bxa2 38. Ra7 Be6 39. Rxb7+ Kg8 40. Ra7 Bc4 41. Rc7 Bb5 42. Bd5+ Kh8 43. Rh7# 1-0

[Event "RUS-chT Blitz"]
[Site "Sochi"]
[Date "2023.10.17"]
[Round "4.20"]
[White "Strybuk, Artsiom I"]
[Black "Tsvetkov, Andrey1"]
[Result "0-1"]
[WhiteElo "2420"]
[BlackElo "2424"]
[PlyCount "88"]
[EventDate "2023.10.17"]
[EventType "team-swiss (blitz)"]
[EventRounds "13"]
[EventCountry "RUS"]
[SourceTitle "Mega2024 Update 01"]
[Source "Chessbase"]
[SourceDate "2023.11.12"]
[SourceVersion "1"]
[SourceVersionDate "2023.11.12"]
[SourceQuality "1"]
[WhiteTeam "Belarus"]
[BlackTeam "Moscow MGFSO"]
[WhiteTeamCountry "BLR"]
[BlackTeamCountry "RUS"]

1. d4 Nf6 2. c4 e6 3. Nf3 d5 4. g3 Nc6 5. Bg2 Bd6 6. 0-0 0-0 7. Nc3 dxc4 8. Qa4 e5 9. Qxc4 exd4 10. Nxd4 Nxd4 11. Qxd4 Qe7 12. Bf4 Bxf4 13. Qxf4 c6 14. Rfd1 Be6 15. Rd4 Rfe8 16. Rad1 Rac8 17. h4 Qc5 18. a3 h6 19. Bf3 a5 20. R1d2 Qb6 21. e4 Rcd8 22. e5 Rxd4 23. Rxd4 Nd7 24. b4 axb4 25. axb4 c5 26. bxc5 Qxc5 27. Na4 Qc7 28. Rb4 Nxe5 29. Rxb7 Nxf3+ 30. Qxf3 Qc4 31. Nb6 Qc1+ 32. Kh2 Rd8 33. Ra7 Qc5 34. Ra6 Rd2 35. Kg1 Kh7 36. Qe4+ g6 37. Qe3 Qxe3 38. fxe3 Rd6 39. Kf2 Kg7 40. e4 h5 41. Ke3 Bc4 42. Ra4 Bb5 43. Nc4 Rc6 44. Ne5 Bxa4 0-1

[Event "Titled Tuesday intern op 29th Aug Early"]
[Site "Chess.com INT"]
[Date "2023.08.29"]
[Round "2"]
[White "Uzcategui Rodriguez, Alejandro"]
[Black "Strybuk, Artsiom I"]
[Result "1/2-1/2"]
[WhiteElo "2256"]
[BlackElo "2423"]
[PlyCount "235"]
[EventDate "2023.08.29"]
[EventType "swiss (blitz)"]
[EventRounds "11"]
[EventCountry "USA"]
[SourceTitle "EXT 2024"]
[Source "ChessBase"]
[SourceDate "2023.10.10"]
[SourceVersion "1"]
[SourceVersionDate "2023.10.10"]
[SourceQuality "1"]

1. d4 Nf6 2. Bg5 d5 3. Bxf6 exf6 4. e3 c6 5. c4 dxc4 6. Bxc4 Bd6 7. Nc3 0-0 8. Nf3 Nd7 9. 0-0 f5 10. a3 a6 11. b4 Qe7 12. Rb1 Nf6 13. Qb3 Ne4 14. a4 b5 15. axb5 axb5 16. Be2 Be6 17. Qb2 h6 18. Rfc1 Rfc8 19. Bd3 Bd5 20. Nd2 Nxc3 21. Qxc3 g6 22. Be2 f4 23. e4 Bxe4 24. Nxe4 Qxe4 25. Bf3 Qe7 26. Bxc6 Ra4 27. Qd3 Rxb4 28. Bd5 Rxc1+ 29. Rxc1 Kg7 30. Bb3 Qf6 31. Rd1 f3 32. g3 h5 33. Bd5 h4 34. Bxf3 hxg3 35. hxg3 Rb2 36. Qe3 b4 37. Bd5 Rc2 38. Rb1 Rc3 39. Qe4 Bxg3 40. fxg3 Rxg3+ 41. Kh1 Qg5 42. Qe5+ Qxe5 43. dxe5 Rg5 44. Re1 Kf8 45. Bc4 Ke7 46. Rb1 Rxe5 47. Rxb4 f5 48. Rb6 g5 49. Kg2 Rc5 50. Bd3 g4 51. Rb3 Kf6 52. Rb6+ Kg5 53. Rb8 Rc3 54. Be2 Rc2 55. Kf2 Kf4 56. Rb4+ Kg5 57. Rb5 Rd2 58. Ke3 Rd8 59. Bd3 Rf8 60. Re5 Rf7 61. Rd5 Rf6 62. Rc5 Re6+ 63. Kf2 Rf6 64. Ke3 Kg6 65. Kf4 Kg7 66. Bxf5 g3 67. Rc3 Rd6 68. Rxg3+ Kf6 69. Rg6+ Ke7 70. Rg7+ Kf6 71. Rg1 Rd4+ 72. Be4 Rd6 73. Rg6+ Ke7 74. Rg5 Kf6 75. Rh5 Re6 76. Rh6+ Ke7 77. Rh8 Kf6 78. Bf5 Rd6 79. Rf8+ Ke7 80. Ra8 Kf6 81. Be4 Re6 82. Ra5 Rd6 83. Rf5+ Ke6 84. Rh5 Kf6 85. Rh7 Re6 86. Bf5 Rd6 87. Rh6+ Ke7 88. Rh1 Kf6 89. Re1 Rd4+ 90. Be4 Rd6 91. Rg1 Re6 92. Ke3 Rd6 93. Rf1+ Ke5 94. Rf5+ Ke6 95. Ra5 Kf6 96. Bd5 Ke5 97. Bc4+ Kf6 98. Bd3 Ke6 99. Ke4 Kf6 100. Bc4 Rc6 101. Rf5+ Ke7 102. Bd5 Rc7 103. Ke5 Rd7 104. Rh5 Rc7 105. Rh7+ Kd8 106. Rh6 Ke7 107. Re6+ Kd7 108. Rd6+ Ke7 109. Rb6 Rd7 110. Bc6 Rc7 111. Be4 Rc5+ 112. Bd5 Rc7 113. Rh6 Rd7 114. Rf6 Rc7 115. Rf7+ Kd8 116. Rf8+ Ke7 117. Rf1 Rd7 118. Rg1 1/2-1/2